| 000 | 00665naa a22001817i 4500 | ||
|---|---|---|---|
| 001 | 9242 | ||
| 003 | KOSZ 005 | ||
| 005 | 20180321103220.0 | ||
| 008 | 160308s1998 ||||| ||||0|| 0 pol | ||
| 040 |
_cKOSZ 005/EG _aKOSZ 005 |
||
| 041 | 0 | _apol | |
| 100 | 1 |
_aSKRZYPNIAK, Ryszard. _d1996 - . _bPolitechnika Koszalińska - Wydział Mechaniczny, _cKatedra Nauk Pedagogicznych |
|
| 245 | 1 | 0 |
_aRodzina małą Ojczyzną wychowawczą / _cRyszard Skrzypniak. |
| 650 | 0 | _aRodzina. | |
| 650 | 0 | _aWychowanie w rodzinie. | |
| 773 | 0 |
_iW: _tRoczniki Socjologii Rodziny : studia socjologiczne oraz interdyscyplinarne. - _g1998, T. 10, s. 199-217 |
|
| 942 |
_cART _2UKD |
||
| 999 |
_c9242 _d9242 |
||